000 00353nam a22001451a 4500
999 _c43414
_d43414
082 _aS 294.592 1
_bLAT/S
100 _aLatyayana
245 _aSrauta sutra of latyayana/
_cby Latyayana
260 _aNew Delhi:
_bMunshiram Manoharlal
_c1982.
300 _a796p.
650 _aVedic Literature
650 _aHinduism
650 _aReligion
942 _cBK